| 000 | 00737cam a2200217 4500500 | ||
|---|---|---|---|
| 005 | 20260405004035.0 | ||
| 041 | _afre | ||
| 042 | _adc | ||
| 100 | 1 | 0 |
_aLegros, Martin _eauthor |
| 245 | 0 | 0 | _aÉlisabeth Badinter : "Les femmes sont en train de se doter d’une double puissance" |
| 260 | _c2019. | ||
| 500 | _a77 | ||
| 690 | _aÉgalité | ||
| 690 | _aÉmancipation | ||
| 690 | _aFemmes | ||
| 690 | _aHommes-Femmes | ||
| 690 | _aLa Puissance des femmes | ||
| 690 | _aMaternité | ||
| 786 | 0 | _nPhilosophie magazine - Hors séries | Hors-série Autome-Hiver 2019 | HS43 | 2019-10-01 | p. 28-29 | 2104-9246 | |
| 856 | 4 | 1 | _uhttps://shs.cairn.info/magazine-philosophie-magazine-2019-9-12-page-28?lang=fr&redirect-ssocas=7080 |
| 999 |
_c2073148 _d2073148 |
||